000 00653 a2200205 4500
010 _aENG-88804
020 _c50.00 (app)
035 _aEN-72337
037 _bDBAD / PUB
082 1 4 _a181.45
090 _c9439
_d9439
100 _aBhoomananda Tirtha
245 1 _aQuietitude of the mind /
_cby Bhoomananda Tirtha
250 _a3rd ed
260 _aThrissur
_bNarayanashrama Tapovanam
_c2006
270 _aVenginissery, P.O. Paralam,
_bThrissur
_e680 575
_cKerala
300 _axvii, 221p. :
_c21cm (pbk)
942 _adpl
_cEN
_k181.45 / BHO
999 _c9266
_d9266